|
|
|
|
| LEADER |
00000nab a2200000 a 4500 |
| 001 |
vtls000903568 |
| 003 |
SK-MaSNL |
| 005 |
20260304233128.0 |
| 008 |
040720e20000308xo 0 slo |
| 035 |
|
|
|a KE12529
|
| 040 |
|
|
|a KEVKJB
|b slo
|c KEVKJB
|e AACR2
|
| 041 |
0 |
|
|a slo
|
| 044 |
|
|
|a xo
|c SK
|
| 080 |
|
|
|a 289
|2 1981
|
| 100 |
1 |
|
|a Pančurová, Anna
|4 aut
|9 877307
|
| 245 |
1 |
0 |
|a Viera bez skutkov je mŕtva
|b Modrá armáda rytierov Nepoškvrnenej bojuje proti interrupciám a chystá sa stavať Nový Betlehem
|
| 300 |
|
|
|b 3 obr.
|
| 610 |
2 |
7 |
|a Modrá armáda rytierov Nepoškvrnenej
|2 KEVKJB
|9 1017841
|
| 650 |
0 |
7 |
|a náboženské hnutia
|2 KEVKJB
|9 71443
|
| 650 |
0 |
7 |
|a charitatívna činnosť
|2 KEVKJB
|9 67695
|
| 651 |
|
7 |
|a Košice (Slovensko)
|2 KEVKJB
|9 18694
|
| 651 |
|
7 |
|a KE,
|2 KEVKJB
|9 877256
|
| 655 |
|
7 |
|a periodikum
|2 snkbucl
|9 29553
|
| 710 |
2 |
|
|a Modrá armáda rytierov Nepoškvrnenej
|4 aut
|9 1017841
|
| 773 |
0 |
8 |
|t Košický večer
|g Roč. 11
|g Roč. 32, č.47, 8.3.2000, s. 7
|
| 852 |
|
|
|a ZVYKNI
|b KIS3GCP
|
| 999 |
|
|
|c 3197380
|d 3199310
|